Представление документа в формате RUSMARC

ПолеНазваниеЗначение
  Тип записи a
  Библиографический уровень m
001 Контрольный номер admiBOOK00005514
005 Дата корректировки 20140508173941.6
100 Данные общей обработки __
a Данные общей обработки 19020125 |||y0 y0189 ca
101 Язык документа __
a Язык текста rus
105 Кодированные данные (монография) __
a Кодированные данные (монография) zy
200 Заглавие и сведения об ответственности 0_
a Заглавие Преждевременный человек
210 Выходные данные __
a Место издания М
c Издательство Советская Россия
d Дата издания 1989
215 Физическое описание __
a Объем 287с.
606 Тематические рубрики __
a Основная рубрика Медицина
x Основная подрубрика Психиатрия
686 Индексы других классификаций __
a Классификационный индекс 56.14
700 Автор _1
a Фамилия Буянов
b Имя М.И.
852 Данные о местонахождении __
c Местонахождение стеллажа 56.14
j Шифр хранения 5
852 Данные о местонахождении __
b Сигла хранения ЧЗ_1
t Номер экземпляра 1
i Авторский знак Б94
p Инвентарный номер 94958
901 Тип документа __
t Тип документа m
911 __
u 952a=Учебное пособие
938 Служебная информация __
a Название организации Саранский филиал
b Имя БД OUTPUT.MRC_Саранск
c Название АИБС АИБС Библиотека